[Event "Sparkassen-Open A"]
[Site "Heusenstamm, Martinsee"]
[Date "2015.11.29"]
[Round "7.75"]
[White "Reinhold, Günther"]
[Black "Saluvar, Bülent"]
[Result "1-0"]
[WhiteElo "1713"]
[BlackElo "1799"]
[PlyCount "59"]
[EventDate "2015.??.??"]
[WhiteTeam "Frankfurter TV"]
[BlackTeam "SC Münster"]

1. e4 e5 2. Nf3 Nc6 3. Bc4 Nf6 4. d4 exd4 5. e5 Qe7 6. O-O Ng8 7. Re1 h6 8. a3
b6 9. Bd2 Bb7 10. b4 O-O-O 11. b5 Nb8 12. Bb4 Qe8 13. Nxd4 Bxb4 14. axb4 Qf8
15. c3 h5 16. Qb3 Nh6 17. Rxa7 d5 18. Bd3 g5 19. Nd2 g4 20. Qa4 Qe7 21. Ra1 Kd7
22. Rxb7 Qxe5 23. Nc6 Nxc6 24. bxc6+ Ke6 25. Qc2 g3 26. hxg3 Rhg8 27. Nf3 Qf6
28. Rxc7 Kd6 29. Raa7 h4 30. Nd4 1-0

[Event "Sparkassen-Open A"]
[Site "Heusenstamm, Martinsee"]
[Date "2015.11.29"]
[Round "7.76"]
[White "Illenberger, Dirk"]
[Black "von Kortzfleisch, Ruben"]
[Result "1/2-1/2"]
[WhiteElo "1746"]
[BlackElo "1379"]
[PlyCount "49"]
[EventDate "2015.??.??"]
[WhiteTeam "FV Berkersheim"]
[BlackTeam "SF Bad Mergentheim"]

1. e4 c6 2. d4 d5 3. exd5 cxd5 4. Bd3 Nc6 5. c3 Nf6 6. Bf4 Bg4 7. Qb3 Qd7 8.
Nd2 e6 9. Ngf3 Bxf3 10. Nxf3 Bd6 11. Bxd6 Qxd6 12. O-O O-O 13. Rae1 Nd7 14. Re3
f6 15. Rd1 Nb6 16. Qc2 f5 17. Rde1 Rae8 18. b3 Nd7 19. Qe2 Nd8 20. Ng5 f4 21.
Bxh7+ Kh8 22. Qh5 Nf6 23. Qh3 fxe3 24. Bg6+ Kg8 25. Bh7+ 1/2-1/2

[Event "Sparkassen-Open A"]
[Site "Heusenstamm, Martinsee"]
[Date "2015.11.29"]
[Round "7.77"]
[White "Fischer, Lutz"]
[Black "Kabakci, Cem"]
[Result "1/2-1/2"]
[WhiteElo "1729"]
[BlackElo "1496"]
[PlyCount "80"]
[EventDate "2015.??.??"]
[WhiteTeam "SF Frankfurt"]
[BlackTeam "SK Handschuhsheim"]

1. e4 e5 2. f4 exf4 3. Nf3 d5 4. exd5 Bg4 5. Bb5+ c6 6. dxc6 Nxc6 7. d4 a6 8.
Bxc6+ bxc6 9. O-O Bd6 10. Qe1+ Ne7 11. Ne5 Bd7 12. Bxf4 Bxe5 13. Bxe5 O-O 14.
Nd2 Ng6 15. Bd6 Re8 16. Qf2 Be6 17. Bc5 Qh4 18. g3 Qg4 19. c4 f5 20. Rae1 f4
21. Qf3 fxg3 22. hxg3 Qxf3 23. Rxf3 Bg4 24. Rfe3 Rxe3 25. Rxe3 Bf5 26. Kf2 h5
27. b3 Kf7 28. Ke1 Re8 29. Rxe8 Kxe8 30. Ke2 h4 31. gxh4 Nxh4 32. d5 cxd5 33.
cxd5 Ng6 34. Ke3 Kd7 35. d6 Ne5 36. Kf4 Nd3+ 37. Kxf5 Nxc5 38. Nc4 Nd3 39. a3
Nc5 40. b4 Nb7 1/2-1/2

[Event "Sparkassen-Open A"]
[Site "Heusenstamm, Martinsee"]
[Date "2015.11.29"]
[Round "7.78"]
[White "Held, Maurice"]
[Black "Lessmann, Sven"]
[Result "1-0"]
[WhiteElo "1804"]
[BlackElo "1593"]
[PlyCount "73"]
[EventDate "2015.??.??"]
[WhiteTeam "SC Ladja Roßdorf"]
[BlackTeam "SC Bad Soden"]

1. c4 Nf6 2. Nf3 g6 3. g3 Bg7 4. Bg2 d6 5. O-O O-O 6. Nc3 c6 7. d3 e5 8. Bd2
Ne8 9. Rb1 f5 10. b4 f4 11. a4 g5 12. b5 g4 13. Ne1 fxg3 14. fxg3 Qb6+ 15. e3
Rxf1+ 16. Kxf1 Qc7 17. Nc2 Be6 18. Nb4 a5 19. bxa6 Nxa6 20. Nxa6 Rxa6 21. Qb3
b5 22. axb5 cxb5 23. Qxb5 Qf7+ 24. Kg1 Ra7 25. Rf1 Qe7 26. Nd5 Bxd5 27. Bxd5+
Kh8 28. Rf7 Ra1+ 29. Kg2 Qd8 30. Qb7 Ra2 31. Rf2 Nc7 32. Bf7 Qe7 33. Qc8+ Bf8
34. Qxg4 Bg7 35. h4 Rxd2 36. Rxd2 Qxf7 37. Rf2 1-0

[Event "Sparkassen-Open A"]
[Site "Heusenstamm, Martinsee"]
[Date "2015.11.29"]
[Round "7.79"]
[White "Masoudi, Kian"]
[Black "Füssel, Jan Michael"]
[Result "1-0"]
[WhiteElo "1568"]
[BlackElo "1788"]
[PlyCount "185"]
[EventDate "2015.??.??"]
[WhiteTeam "SC Bergen-Enkheim"]
[BlackTeam "VSG Offenbach"]

1. e4 c5 2. f4 Nc6 3. Bb5 a6 4. Bd3 d6 5. c3 g6 6. Nf3 Nf6 7. O-O Qb6 8. Kh1
Ng4 9. Qe2 Bg7 10. Na3 Bd7 11. Nc4 Qc7 12. h3 Nf6 13. Ne3 Nh5 14. Qf2 Qc8 15.
Ng1 e5 16. fxe5 Nxe5 17. Nd5 Qd8 18. Be2 Be6 19. Bxh5 gxh5 20. Nf4 Qe7 21. d4
Bc4 22. Rd1 cxd4 23. cxd4 Nc6 24. Nf3 h4 25. Nd5 Qd8 26. Re1 O-O 27. Nc3 Qf6
28. Bg5 Qg6 29. Be3 Qg3 30. a3 f5 31. Qd2 fxe4 32. Nxe4 Qg6 33. Nc3 Qh5 34.
Rab1 Rae8 35. b3 Be6 36. Ng1 Ne7 37. Rbd1 b5 38. b4 Bb3 39. Ra1 Nf5 40. Nf3 Bc4
41. Bf2 Bh6 42. Qc2 Bf4 43. Re4 Bg3 44. Rg4+ Kh8 45. Bg1 Rg8 46. Re4 d5 47.
Rxe8 Rxe8 48. Qd2 Nd6 49. Qg5 Qxg5 50. Nxg5 Kg7 51. Nf3 Ne4 52. Nd1 Kf6 53. Ne3
Ng5 54. Ng4+ Kg6 55. Nfe5+ Kg7 56. Be3 Bxe5 57. dxe5 Ne4 58. Bd4 Ng3+ 59. Kh2
Nf5 60. Bb2 d4 61. Rd1 Rd8 62. Nf6 Kf7 63. Nxh7 Ke6 64. Ng5+ Kxe5 65. Nf3+ Ke4
66. Ng5+ Ke3 67. Bc1+ Ke2 68. Rd2+ Ke3 69. Kg1 d3 70. Rf2+ d2 71. Bxd2+ Rxd2
72. Rxf5 Rd1+ 73. Kh2 Rd3 74. Rf6 Bd5 75. Rf5 Rd2 76. Nf3 Bxf3 77. Rxf3+ Ke4
78. Rf6 Rd3 79. Rxa6 Kd5 80. Ra8 Kc4 81. g4 hxg3+ 82. Kg2 Kb3 83. h4 Kb2 84. h5
Rxa3 85. Rxa3 Kxa3 86. h6 Kxb4 87. h7 Kb3 88. h8=Q b4 89. Qa1 Kc2 90. Qa2+ Kc3
91. Qb1 b3 92. Kxg3 Kc4 93. Qb2 1-0

[Event "Sparkassen-Open A"]
[Site "Heusenstamm, Martinsee"]
[Date "2015.11.29"]
[Round "7.80"]
[White "Wilk, David"]
[Black "van Foreest, Machteld"]
[Result "1-0"]
[WhiteElo "1668"]
[BlackElo "1592"]
[PlyCount "69"]
[EventDate "2015.??.??"]
[WhiteTeam "SF Mainz"]
[BlackTeam "Schaakclub Haren"]

1. e4 e5 2. Nf3 Nc6 3. Bb5 a6 4. Ba4 Nf6 5. d3 d6 6. c3 Bd7 7. O-O Be7 8. Re1
b5 9. Bc2 Bg4 10. h3 Bh5 11. Nbd2 O-O 12. Nf1 Qd7 13. Bg5 a5 14. Ng3 Bxf3 15.
Qxf3 Rad8 16. Nf5 h6 17. Nxh6+ gxh6 18. Bxf6 Bxf6 19. Qxf6 Kh7 20. Re3 Rg8 21.
Rf3 Rg7 22. Rd1 Rdg8 23. Kf1 Nd8 24. g4 Rg5 25. h4 Rxg4 26. d4 exd4 27. e5+
R8g6 28. h5 Rg1+ 29. Ke2 d3+ 30. Bxd3 R1g5 31. hxg6+ fxg6 32. Rh1 Rxe5+ 33. Kd2
Qe8 34. Rg1 Rd5 35. Re3 1-0